000
00336nam a2200133Ia 4500
008
240112s1969/JAN-JUNE xx 000 0 und d
041
_a
eng
082
_a
616.05
100
_a
ELKINTON J.R.
245
_a
ANNUALS OF INTERNAL MEDICINE
260
_b
LANCASTER PRESS
_c
1969/JAN-JUNE
300
_a
1320,HB
_c
(1-6)
440
_v
70
999
_c
1141243
_d
1141243